| 000 | 01617nam a2200505 i 4500 | ||
|---|---|---|---|
| 001 | 4396 | ||
| 003 | KOSZ 005 | ||
| 005 | 20200513142812.0 | ||
| 008 | 200513s1990 pl f 000 0 pol | ||
| 015 | _aUWD 1990/6513 | ||
| 020 | _a8320413443 | ||
| 035 | _a991002341859705066 | ||
| 035 | _a(PL-WaBN)b1064667x-48omnis_nlop | ||
| 035 | _ab1064667x | ||
| 035 | _a(OCoLC)749201052 | ||
| 035 | _a(PL)b0000001064667 | ||
| 035 | _a(EXLNZ-48OMNIS_NETWORK)9910376679605606 | ||
| 040 |
_aWA N _cWA N _dKOSZ 005/AR |
||
| 046 | _k1990 | ||
| 080 | _a004.42 | ||
| 080 | _a004.438 | ||
| 080 | _a004.92 | ||
| 080 | _a(07) | ||
| 100 | 1 |
_aBielecki, Jan _d(1942-2001) _eAutor |
|
| 245 | 1 | 0 |
_aBiblioteki ANSI C / _cJan Bielecki. |
| 260 |
_aWarszawa : _bWydawnictwa Naukowo-Techniczne, _c1990. |
||
| 300 |
_a135, [1] strona ; _c24 cm. |
||
| 336 |
_aTekst _btxt _2rdacontent |
||
| 337 |
_aBez urządzenia pośredniczącego _bn _2rdamedia |
||
| 338 |
_aWolumin _bnc _2rdacarrier |
||
| 380 | _aKsiążki | ||
| 388 | _a1901-2000 | ||
| 388 | _a1989-2000 | ||
| 490 | 1 | _aMikrokomputery | |
| 504 | _aBibliografia na stronie [136]. | ||
| 650 | 7 |
_aC (język programowania) _2DBN |
|
| 650 | 7 | _aProgramy graficzne | |
| 650 | 7 | _aProjektowanie wspomagane komputerowo | |
| 658 | _aInżynieria i technika | ||
| 710 | 2 |
_4pbl _aWydawnictwa Naukowo-Techniczne |
|
| 830 | _aMikrokomputery (Wydawnictwa Naukowo-Techniczne) | ||
| 856 |
_uhttp://koha.tu.koszalin.pl/cgi-bin/koha/opac-detail.pl?biblionumber=4396 _yKatalog online BPK |
||
| 942 |
_2UKD _cKS |
||
| 999 |
_c4396 _d4396 |
||